000 00309 a2200145 4500
001 45697
020 _a9788586889509
040 _cAnchieta - Aquarius
240 1 0 _a*Criaturas do oceano
_lpor
245 1 0 _a*Criaturas do oceano
300 _a
362 0 _a0
650 4 _aLiteratura infantil
942 _cBK
999 _c45697
_d45697